000 00686nam a2200289Ia 4500
005 20260324124458.0
008 008 260324s9999 xx 000 0 eng d
020 _a9780203877319
037 _aEBOOK
040 _aCRL
040 _beng
040 _cCRL
041 _2eng
041 _aeng
084 _qCRL
100 _aJoseph Maguire; Mark Falcous
_91174311
245 0 _aSport and Migration
245 0 _bBorders, Boundaries and Crossings
260 _bTaylor and Francis
260 _c2010
365 _a
365 _b280
856 _uhttp://www.taylorfrancis.com/books/9780203877319
942 _cEBOOK
999 _c1768719
_d1768719